1845 1003 1130 1163 1519 1387 1808 1547 1420 1313 1363 1187 1136 1642 1473 1860 1291 1278 1518 1180 1400 1192 1669 1966 1922 1132 1569 1369 1896 1716 1735 1688 1438 1447 1408 1993 1194 1016 1924 1953 1259 1130 1405 1535 1512 1670 1826 1272 1323 1219 1346 1539 1396 1404 1537 1165 1441 1625 1796 1146 1410 1554 1172 1498 1547 1227 1929 1434 1321 1644 1194 1654 1105 1481 1439 1209 1443 1083 1591 1111 1299 1030 1104 1552 1302 1284 1005 1132 1217 1012 1241 1505 1986 1300 1169 1714 1750 1697 1208 BCNSPRNW ULIB Ver.6.0+V

เปลี่ยนเป็นภาษาไทย

Change to English
 แสดงรายละเอียดบรรณานุกรม
  กลับหน้าหลัก

Brief Record : Get Marc (ISO 2709) : E-mail record : QR code < ปิดหน้าต่าง
LEADER : 00000nam 2200000uu 4500
001    13399120108
003     ULIB
008    020711s2552 th a 000 0 tha d
020    9786160600779
090    นว.^bห111ช
100    เหลียงอิ๋ง^eเขียน
245    ชะตาลวง /^cเหลียงอิ๋ง
260    กรุงเทพฯ :^bแจ่มใส,^c2552
300    194 หน้า
700    เสี่ยวเฟิงหลิง^eแปล
945    ^p149^l0^i026764
999    ^aทศพร
รายการนี้ยังไม่มีแท็ก
คุณยังไม่ได้ล็อกอิน คุณสามารถมีกิจกรรมร่วมกับเว็บไซต์ได้ แต่ต้องล็อกอินก่อน ::
  ล็อกอิน

รายการสื่อสารสนเทศ

ลำดับที่ ประเภท เลขเรียก/บาร์โค้ด สถานที่ สถานะ
1. นวนิยาย
นวนิยาย
นว. ห111ช ฉ.1 
  Barcode: 026764
ห้องสมุดวิทยาเขตสวรรค์ประชารักษ์
►นวนิยาย
บนชั้น
  ขอยืม

BibComment


ยังไม่เคยถูกคอมเมนท์

คอมเมนท์ทรัพยากรรายการนี้
  คอมเมนท์: ชะตาลวง เหลียงอิ๋ง


 Copyright 2026. Bcnsprnw @Library